[Event "MAS-ch"]
[Site "Pontian"]
[Date "2024.04.23"]
[Round "5"]
[White "Ismail, Ahmad"]
[Black "Zulkifli, Muhd Hafizuddin"]
[Result "0-1"]
[WhiteElo "1856"]
[BlackElo "1770"]
[PlyCount "70"]
[EventDate "2024.04.21"]
[EventType "swiss"]
[EventRounds "9"]
[EventCountry "MAS"]
[SourceTitle "EXT 2025"]
[Source "ChessBase"]
[SourceDate "2024.10.14"]
[SourceVersion "1"]
[SourceVersionDate "2024.10.14"]
[SourceQuality "1"]

1. Nf3 Nf6 2. d4 h6 3. h3 d6 4. c4 c6 5. Nc3 Nbd7 6. e4 Qa5 7. Bd3 e5 8. 0-0 Be7 9. a3 Qc7 10. Be3 0-0 11. Rc1 Re8 12. b4 a5 13. b5 exd4 14. Bxd4 Ne5 15. a4 Nfd7 16. Nxe5 dxe5 17. Be3 Nc5 18. Bxc5 Bxc5 19. Qh5 Rd8 20. Rcd1 Be6 21. Be2 Bd4 22. Rc1 Qe7 23. c5 Kh7 24. Nd1 Bb3 25. bxc6 bxc6 26. Ne3 g6 27. Qf3 Bxa4 28. Bc4 Ra7 29. Ng4 Kg7 30. Ba2 h5 31. Ne3 Qg5 32. Rfe1 Bb5 33. Nc4 Bxc5 34. Nxa5 Bb4 35. h4 Qf4 0-1